00387 a2200157 4500001000700000003000400007005001700011008004100028082001400069100001700083245004900100250001200149260004000161300001100201653001700212067404OSt20211203143657.0  a572bV85F1 aVoet, Donald1 aFundamentals of biochemistrycby Donald Voet a2nd ed. aNew YorkbJohn Wiley and Sonsc2006 a1245p. aBiochemistry